000 00252nam a22001337a 4500
082 _a894.812.3
_bLAS/D
100 _aLAZAR
245 _aDEYAVADHAM
250 _aFIRST
260 _bLAZAR
_c1997
300 _a79
650 _aPLAY
_zKERALA
942 _cBK
999 _c1311
_d1311